000
00305nam a2200133Ia 4500
008
191201s2010 xx 000 0 und d
100
_a
DHAKE, A M
245
0
_a
Television and Video Engineering
250
_a
25 Rep
260
_c
2010
_b
TMH
_a
N. delhi
300
_a
646
650
_a
ECE
942
_2
ddc
_c
BB
999
_c
7397
_d
7397